| 000 | 02784cam a22003375i 4500 | ||
|---|---|---|---|
| 001 | 17494911 | ||
| 003 | EG-ScBUE | ||
| 005 | 20251221105818.0 | ||
| 008 | 121015t2013 flua f b 001 0 eng d | ||
| 020 | _a9781466553842 (hardback : acid-free paper) | ||
| 040 |
_aEG-ScBUE _beng _erda _cEG-ScBUE _dEG-ScBUE |
||
| 082 | 0 | 4 |
_222 _a547.7 _bCHA |
| 100 | 1 |
_aChanda, Manas, _d1940- _941658 _eauthor. |
|
| 245 | 1 | 0 |
_aIntroduction to polymer science and chemistry : _ba problem-solving approach / _cManas Chanda. |
| 250 | _aSecond edition. | ||
| 264 | 1 |
_aBoca Raton, Florida : _bCRC Press / Taylor & Francis Group, LLC, _c[2013] |
|
| 264 | 4 | _cc2013 | |
| 300 |
_axxi, 748 pages : _billustrations ; _c26 cm |
||
| 336 |
_2rdacontent _atext _btxt |
||
| 337 |
_aunmediated _2rdamedia _bn |
||
| 338 |
_avolume _bnc _2rdacarrier |
||
| 500 | _aIncludes Appendices. | ||
| 504 | _aIncludes bibliographical references and index. | ||
| 520 | _a"Preface A question asked during discussion, or even ahead of it, excites a student's mind and rouses his eagerness to probe, thus making the process of learning more thorough. During my teaching of polymer science and chemistry over a period of nearly four decades, I have thus always felt and believed that learning becomes much easier and deeper if problem solving with a question and answer approach is intimately integrated with the text. It was this belief and conviction that motivated me to embark on writing this new text on polymer science and polymer chemistry, even though I was fully aware that the field was already crowded with more than a dozen wellwritten polymer texts. Adopting a distinctly different and innovative approach, the text in this new polymer book has been laced with questions and answers at every step of the development of a theory or concept in each chapter. The book thus features a significantly large number (286) of solved problems interspersed with the text that is spread over 720 pages. In addition, a large number (277) of problems are included as end-of-chapter exercises and these are fully worked out in a separate Solutions Manual. As my experience in teaching has taught me the great value of dealing with numbers to deepen one's understanding, most of the problems with which the text is studded are chosen to be of numerical type. The same is true for exercise problems appended at the end of each chapter and each such problem is provided with numerical answers so that the reader can compare with his own"-- | ||
| 650 | 7 |
_aPolymers. _2BUEsh _95875 |
|
| 650 | 7 |
_aPolymerization. _2BUEsh _96762 |
|
| 653 |
_bENGCHE _cNovember2016 |
||
| 655 | _vReading book | ||
| 856 | 4 | 2 |
_3Cover image _uhttp://jacketsearch.tandf.co.uk/common/jackets/covers/websmall/978146655/9781466553842.jpg |
| 942 |
_2ddc _cBB |
||
| 999 |
_c23021 _d22993 |
||